| 000 | 01458cam a2200229 4500 | ||
|---|---|---|---|
| 001 | ##L135308 | ||
| 008 | 061011n2006 000 0 eng u | ||
| 035 | _a(Sirsi) u135308 | ||
| 041 | 0 | _aeng | |
| 050 | 0 | 4 | _a692.8 $2 18 |
| 110 | 1 |
_aUnited Kingdom _bHM Revenue and Customs _94833 |
|
| 245 | 0 | 0 |
_aNew Construction Industry Scheme _bnew guidance |
| 260 |
_a[S.l.] _bHMRC _c2006 |
||
| 505 | 1 | _aCIS340 Construction Industry Scheme: guide for contractors and subcontractors -- CIS341 A quick guide to the new Construction Industry Scheme -- CIS342 Registering for new CIS: advice for subcontractors -- CIS343 Applying to be paid gross: advice for subcontractors -- CIS344 Getting paid by a contractor: advice for subcontractors -- CIS345 Verifying a subcontractor: advice for contractors -- CIS346 The monthly return: advice for contractors -- CIS347 A contractor's obligations: advice for contractors -- CIS348 The scope of the scheme: a quick guide -- CIS349 Are your workers employed or self-employed? Advice for contractors | |
| 520 | _aProvides guidance on the new Construction Industry Scheme, effective from April 2007. Includes a detailed booklet and nine factsheets. | ||
| 590 | _aIKA17106 | ||
| 650 | 2 | 4 | _aCONSTRUCTION INDUSTRY SCHEME |
| 651 | 4 |
_aUnited Kingdom _y |
|
| 690 |
_aConstruction management _96230 |
||
| 856 | 4 | 0 |
_uhttps://www.hmrc.gov.uk/new-cis/new_guidance.htm _zView the guidance free of charge at www.hmrc.gov.uk... |
| 942 | _n0 | ||
| 999 |
_c105997 _d105997 |
||